Microbiology /

保存先:
書誌詳細
第一著者: Gebhardt, Louis P.
フォーマット: Sách giấy
言語:English
出版事項: Saint Louis : The C. V. Mosby, 1970
タグ: タグ追加
タグなし, このレコードへの初めてのタグを付けませんか!
Thư viện lưu trữ: Thư viện Trường Đại học Đà Lạt
LEADER 00528nam a2200229 4500
001 DLU020000720
005 ##12/30/1998
041 # # |a eng 
082 # # |a 579  |b GE-L 
100 # # |a Gebhardt, Louis P. 
245 # # |a Microbiology /  |c Louis P. Gebhardt  
260 # # |a Saint Louis :  |b The C. V. Mosby,  |c 1970 
300 # # |a VIII, 354 tr.;  |c 26 cm. 
992 # # |a 10000 
994 # # |a DLU 
900 # # |a False 
911 # # |a Administrator 
925 # # |a G 
926 # # |a A 
927 # # |a SH 
980 # # |a Thư viện Trường Đại học Đà Lạt